000 01091cam a22003257a 4500
003 CHAP
005 20220329141911.0
008 980511d1983 us bo r 00110 eng d
010 _a75483
011 _a76455
020 _a0471046523
035 _a86040
040 _cCHAP
082 0 4 _a333.720973
_bB46
100 0 0 _aBennett, Charles F.
_911607
245 1 0 _aConservation and management of natural resources in the United States
_c/by Charles F. Bennett
260 _aLos Angeles, Cal.
_bWiley,
_c1983.
300 _a436 p. :
_bfotos. ; mapas.
590 _aBATCH-UPD
_b10
_c20130110
_lUCH01
_h0410
590 _aBATCH-UPD
_b10
_c20130410
_lUCH01
_h0044
590 _aBATCH-UPD
_b10
_c20130410
_lUCH01
_h1552
590 _aBATCH-UPD
_b10
_c20130914
_lUCH01
_h0603
590 _aCONVERSION
_b10
_c20130109
_lUCH01
_h1341
650 1 4 _aRecursos naturales
_xConservación
_xE.U.A.
_995235
650 1 4 _aRecursos naturales
_xUtilización.
_995321
901 _aBK
905 _aMayto Villalobos S.
942 _cLIBRO
949 _a333.720973 B46
_bBC
_cLIBRO
_d33724000594743
_eLIBRO
_h93491
_i86040
_sb
999 _c75483
_d75483